Capital of Dutch province - Statistics

General Stats
  • This quiz has been taken 21 times
  • The average score is 10 of 12
Answer Stats
Province Capital % Correct
Groningen Groningen
100%
Limburg Maastricht
100%
Utrecht Utrecht
100%
Noord-Holland Haarlem
94%
Gelderland Arnhem
88%
Noord-Brabant 's-Hertogenbosch
88%
Overijssel Zwolle
88%
Zuid-Holland Den Haag
81%
Friesland Leeuwarden
81%
Flevoland Lelystad
81%
Drenthe Assen
63%
Zeeland Middelburg
63%
No matching quizzes found
Score Distribution
Percent of People with Each Score
Percentile by Number Answered
Your Score History
You have not taken this quiz